The Alhambra / Washington Irving

Literatura de viajes, se desarrolla en España y trata sobre el propio autor de la obra, Irving Washington, quien narra sus primeras experiencias en tierras andaluzas, donde descubrirá temas extravagantes sobre su pasado como su origen árabe, además, conocerá cuentos y leyendas sobre el complejo monu...

Description complète

Enregistré dans:
Détails bibliographiques
Auteur principal: Irving, Washington
Format: Livre
Langue:Undetermined
Publié: New York, Estados Unidos George P. Putnam 1895
Sujets:
Tags: Ajouter un tag
Pas de tags, Soyez le premier à ajouter un tag!

MARC

LEADER 00000nam a2200000Ia 4500
008 170316s9999 xx 000 0 und d
040 |a cru BVZT 
090 |a 810 I-2a 
100 |a Irving, Washington 
245 4 |a The Alhambra / Washington Irving 
260 |a New York, Estados Unidos 
260 |b George P. Putnam 
260 |c 1895 
300 |a 496 páginas 
520 |a Literatura de viajes, se desarrolla en España y trata sobre el propio autor de la obra, Irving Washington, quien narra sus primeras experiencias en tierras andaluzas, donde descubrirá temas extravagantes sobre su pasado como su origen árabe, además, conocerá cuentos y leyendas sobre el complejo monumental Alhambra que lo dejarán impactado de por vida. La obra escrita en 1832, se convirtió en un éxito literario que dio a conocer la cultura española y árabe. 
650 |a LITERATURA ESTADOUNIDENSE  |9 25 
650 |a BIOGRAFÍA - WASHINGTON IRVING 
650 |a EN IDIOMA INGLÉS  |9 129 
999 |c 21172  |d 21172 
942 |c 15 D  |h 810 I-2a  |2 z